[Event "14e Open International de la Reunion"]
[Site "St Denis"]
[Date "2012.10.08"]
[Round "4.22"]
[White "Goorsahye, Antoine"]
[Black "Ringayen, Rose-May"]
[Result "1-0"]
[WhiteElo "1899"]
[BlackElo "1567"]
[PlyCount "21"]
[EventDate "2012.??.??"]

1. e4 e5 2. d4 d6 3. Bc4 Nc6 4. Nf3 Bg4 5. c3 Nf6 6. Qb3 Nxe4 7. Bxf7+ Kd7 8.
dxe5 Nc5 9. Qc2 Bxf3 10. Qf5+ Ke7 11. Bg5# 1-0

[Event "14e Open International de la Reunion"]
[Site "St Denis"]
[Date "2012.10.08"]
[Round "4.23"]
[White "Francois, Robert"]
[Black "Frisk, Anders"]
[Result "0-1"]
[WhiteElo "1530"]
[BlackElo "1847"]
[PlyCount "88"]
[EventDate "2012.??.??"]

1. Nf3 f5 2. c4 Nf6 3. Nc3 g6 4. d3 Bg7 5. e4 d6 6. Be2 O-O 7. O-O e5 8. Bg5 h6
9. Bd2 Nc6 10. Nh4 Kh7 11. exf5 gxf5 12. Qc2 Nd4 13. Qc1 e4 14. dxe4 Nxe4 15.
Nf3 Nxe2+ 16. Nxe2 Nxd2 17. Qxd2 Qf6 18. Rab1 Bd7 19. Nf4 Bc6 20. Nd5 Qf7 21.
Qd3 Rae8 22. b3 Re4 23. Rbe1 Rfe8 24. Rxe4 fxe4 25. Qc2 Kh8 26. Ne1 b5 27. Ne3
bxc4 28. Qxc4 Qxc4 29. bxc4 d5 30. Nxd5 Bxd5 31. cxd5 Rd8 32. Nc2 Rxd5 33. Re1
Rc5 34. Na3 Ra5 35. Re3 c5 36. g3 Bd4 37. Rb3 Ra4 38. Nb5 Rxa2 39. Nxd4 cxd4
40. Rb8+ Kg7 41. Re8 d3 42. Rxe4 d2 43. Rd4 Ra1+ 44. Kg2 d1=Q 0-1

[Event "14e Open International de la Reunion"]
[Site "St Denis"]
[Date "2012.10.08"]
[Round "4.24"]
[White "Frelicot, Eric"]
[Black "Tang Hon Yue, Thibault"]
[Result "1-0"]
[WhiteElo "1827"]
[BlackElo "1506"]
[PlyCount "53"]
[EventDate "2012.??.??"]

1. c4 d6 2. Nc3 Nf6 3. d4 g6 4. Bg5 Bg7 5. e3 O-O 6. Nf3 c5 7. Be2 Nbd7 8. O-O
a6 9. Qc2 b6 10. Rfd1 Bb7 11. a3 Rc8 12. d5 Qc7 13. Rac1 e6 14. e4 h6 15. Bh4
Ng4 16. dxe6 fxe6 17. Bg3 e5 18. Qd3 Ngf6 19. Qxd6 Qxd6 20. Rxd6 Rfe8 21. Rcd1
Bc6 22. h3 Re7 23. Nh4 Kf7 24. Nf3 Nh5 25. Bh4 Nhf6 26. Nd5 Nxd5 27. exd5 1-0

[Event "14e Open International de la Reunion"]
[Site "St Denis"]
[Date "2012.10.08"]
[Round "4.25"]
[White "Artigaud, Laurent"]
[Black "Weber, Richard"]
[Result "0-1"]
[WhiteElo "1500"]
[BlackElo "1811"]
[PlyCount "100"]
[EventDate "2012.??.??"]

1. d4 e6 2. Nf3 d5 3. e3 Nf6 4. Bd3 Bb4+ 5. c3 Ba5 6. b3 O-O 7. Bb2 c6 8. Nbd2
Ng4 9. O-O f5 10. h3 Nf6 11. c4 Ne4 12. Bxe4 fxe4 13. Ne5 Nd7 14. Nxd7 Bxd7 15.
c5 Qg5 16. Kh1 Bc7 17. Qe2 Qh4 18. Qg4 Qe7 19. Qe2 b5 20. b4 Rf7 21. f3 a5 22.
a3 exf3 23. Rxf3 Rxf3 24. Nxf3 axb4 25. axb4 Rxa1+ 26. Bxa1 h6 27. Qa2 Bg3 28.
Bc3 Kh7 29. Qa7 Qf7 30. Kg1 Be8 31. Qxf7 Bxf7 32. Kf1 Bg6 33. Ke2 Be4 34. Bd2
g5 35. Ne5 Bxe5 36. dxe5 Bxg2 37. h4 gxh4 38. Be1 h3 39. Bg3 Kg6 40. Kf2 Kf5
41. Bf4 d4 42. Bxh6 dxe3+ 43. Bxe3 Kxe5 44. Bd2 Ke4 45. Bc3 Kd3 46. Be1 e5 47.
Kg1 e4 48. Bh4 e3 49. Bg3 Ke2 50. Bh4 Kd1 0-1

[Event "14e Open International de la Reunion"]
[Site "St Denis"]
[Date "2012.10.08"]
[Round "4.27"]
[White "Noel, Philippe"]
[Black "Romain, Arnaud"]
[Result "0-1"]
[WhiteElo "1380"]
[BlackElo "1660"]
[PlyCount "68"]
[EventDate "2012.??.??"]

1. e4 e5 2. Nf3 Nc6 3. Bc4 Nf6 4. Nc3 Be7 5. a3 O-O 6. O-O b6 7. d3 Bb7 8. Nd5
Nxd5 9. Bxd5 d6 10. Be3 Rb8 11. Bb3 Bf6 12. Qc1 Qd7 13. Bg5 Bxg5 14. Nxg5 Nd4
15. Ba2 Ne2+ 16. Kh1 Nxc1 17. Raxc1 Qg4 18. Nf3 Qf4 19. Rfe1 Rbd8 20. c4 c5 21.
Bb3 Bc6 22. a4 a5 23. Ra1 Bd7 24. Re3 Bg4 25. g3 Bxf3+ 26. Kg1 Qf6 27. h4 Rfe8
28. Bd1 Bxd1 29. Rxd1 Re6 30. Rf1 Qg6 31. Kh2 f5 32. f4 exf4 33. Rxf4 fxe4 34.
dxe4 Rf8 0-1

[Event "14e Open International de la Reunion"]
[Site "St Denis"]
[Date "2012.10.08"]
[Round "4.28"]
[White "Deurvillier, Martial"]
[Black "Hoareau, Noe"]
[Result "1-0"]
[WhiteElo "1620"]
[BlackElo "1420"]
[PlyCount "77"]
[EventDate "2012.??.??"]

1. d4 d5 2. c4 e6 3. Nc3 Nf6 4. Nf3 Be7 5. Bg5 O-O 6. e3 h6 7. Bh4 Nbd7 8. cxd5
Nxd5 9. Bxe7 Qxe7 10. Be2 Qb4 11. Qc2 N7f6 12. O-O b6 13. a3 Qd6 14. Nb5 Qd7
15. Rac1 Bb7 16. Ne5 Qe7 17. Nxc7 Rac8 18. Nxd5 Bxd5 19. Qb1 Ne4 20. Nf3 Qb7
21. Rxc8 Rxc8 22. Rc1 Rxc1+ 23. Qxc1 Ng5 24. Nxg5 Bxg2 25. f3 hxg5 26. Kxg2 g4
27. Kf2 gxf3 28. Bxf3 Qb8 29. Kg2 e5 30. Qc6 exd4 31. exd4 Kh7 32. Qe4+ g6 33.
Qh4+ Kg7 34. Qg3 Qc8 35. Qe5+ Kh7 36. d5 Qc2+ 37. Kg3 Qc1 38. d6 Qg1+ 39. Bg2
1-0

[Event "14e Open International de la Reunion"]
[Site "St Denis"]
[Date "2012.10.08"]
[Round "4.29"]
[White "Artigaud, Daniel"]
[Black "Fontaine, Willy"]
[Result "1/2-1/2"]
[WhiteElo "1430"]
[BlackElo "1610"]
[PlyCount "116"]
[EventDate "2012.??.??"]

1. d4 d6 2. Nf3 Bg4 3. e3 Nf6 4. Bd3 g6 5. Nbd2 Bg7 6. b3 O-O 7. Bb2 Nbd7 8.
O-O a5 9. a4 b6 10. h3 Bxf3 11. Nxf3 c5 12. Re1 Rb8 13. Bb5 Nd5 14. Rb1 Nc7 15.
Qd3 Nxb5 16. Qxb5 Qe8 17. c3 Nf6 18. Qxe8 Rfxe8 19. Ba1 Ne4 20. Red1 Rec8 21.
Nd2 Nxd2 22. Rxd2 b5 23. Rdd1 h5 24. g3 Rb7 25. Bb2 Rcb8 26. Rd2 bxa4 27. bxa4
cxd4 28. exd4 e5 29. dxe5 Bxe5 30. Kf1 Bxc3 31. Bxc3 Rxb1+ 32. Kg2 Rc1 33. Bxa5
Ra1 34. Rxd6 Rxa4 35. Bd2 Ra2 36. Be3 Rc8 37. Kf3 Ra3 38. Kg2 Rb3 39. Rd5 Rb2
40. Kf3 Rb3 41. Rd6 Rb1 42. Kg2 Kf8 43. Ra6 Rd1 44. Ra5 Kg8 45. Ra6 Re1 46. Ra2
Re8 47. Kf3 Rd8 48. Rb2 Kg7 49. Rb4 Kg8 50. Rc4 Kh7 51. Rc7 Kg8 52. Rc4 Rb1 53.
Ra4 Re8 54. Rc4 Rb3 55. Ra4 Kg7 56. Kg2 Re7 57. Bd4+ f6 58. Ra6 Rf7 1/2-1/2

[Event "14e Open International de la Reunion"]
[Site "St Denis"]
[Date "2012.10.08"]
[Round "4.30"]
[White "Han Yee Yu, Jerome"]
[Black "Altiery, Hugo"]
[Result "1-0"]
[WhiteElo "1603"]
[BlackElo "1400"]
[PlyCount "101"]
[EventDate "2012.??.??"]

1. e4 e5 2. Nf3 Nc6 3. Nc3 Bc5 4. Be2 Nf6 5. O-O d5 6. exd5 Nxd5 7. d3 Nxc3 8.
bxc3 Be7 9. d4 Bf6 10. Bb5 Bd7 11. Bxc6 Bxc6 12. Nxe5 Qd5 13. Nxc6 Qxc6 14.
Re1+ Kd8 15. Qd3 b6 16. Qe4 Re8 17. Qxe8+ Qxe8 18. Rxe8+ Kxe8 19. Bf4 c5 20.
Re1+ Kd7 21. Kf1 Kc6 22. Be5 Bxe5 23. dxe5 Kd5 24. f4 Kc4 25. Re3 Rd8 26. Ke2
b5 27. f5 Re8 28. e6 f6 29. Kf3 Kd5 30. Kf4 g6 31. h4 Kd6 32. g4 a5 33. g5 Ke7
34. gxf6+ Kxf6 35. fxg6 hxg6 36. e7 Rxe7 37. Rxe7 Kxe7 38. Ke5 Kf7 39. Kd5 c4
40. Kc5 Kf6 41. Kxb5 Kf5 42. Kxc4 Kg4 43. Kd5 Kxh4 44. c4 g5 45. c5 g4 46. c6
g3 47. c7 g2 48. c8=Q g1=Q 49. Qh8+ Kg3 50. Qg7+ Kf2 51. Qxg1+ 1-0

[Event "14e Open International de la Reunion"]
[Site "St Denis"]
[Date "2012.10.08"]
[Round "4.31"]
[White "Singuina, Yvan"]
[Black "Craquelin, Mathie"]
[Result "0-1"]
[WhiteElo "1350"]
[BlackElo "1590"]
[PlyCount "118"]
[EventDate "2012.??.??"]

1. Nf3 d5 2. c4 Nf6 3. cxd5 Qxd5 4. d4 e6 5. a3 Nc6 6. Nc3 Qd8 7. e4 a6 8. Bf4
Be7 9. h3 h6 10. Bc4 O-O 11. O-O Re8 12. e5 Nd5 13. Nxd5 exd5 14. Ba2 Be6 15.
Rc1 Bf5 16. Qb3 Qc8 17. Qd1 Be6 18. Bb1 Bf5 19. Bxf5 Qxf5 20. Bd2 Rab8 21. Re1
Qe6 22. b4 Rbc8 23. Qb3 Na7 24. a4 c6 25. Qb1 Rb8 26. Qb3 Rec8 27. Ra1 Ra8 28.
Rec1 Qd7 29. Rab1 Qe6 30. Nh2 Re8 31. Qg3 Bf8 32. Ng4 Qg6 33. Nxh6+ gxh6 34.
Qxg6+ fxg6 35. Rb3 Re6 36. Rg3 Kh7 37. Rcc3 Bxb4 38. Rcd3 Bxd2 39. Rxd2 b5 40.
Rdd3 bxa4 41. Rgf3 Kg7 42. Rf4 Rf8 43. Rxf8 Kxf8 44. Ra3 c5 45. Rxa4 cxd4 46.
Rxd4 Rxe5 47. Ra4 Re6 48. Kh2 Rd6 49. Kg3 Ke7 50. Kg4 d4 51. Kf3 d3 52. Re4+
Kd7 53. Re1 d2 54. Rd1 Nb5 55. Ke3 a5 56. Rxd2 Rxd2 57. Kxd2 a4 58. Kc2 a3 59.
Kb3 Kc6 0-1

[Event "14e Open International de la Reunion"]
[Site "St Denis"]
[Date "2012.10.08"]
[Round "4.32"]
[White "Oster, Jean-Marie"]
[Black "Ringayen, Francinel"]
[Result "1-0"]
[WhiteElo "1571"]
[BlackElo "1180"]
[PlyCount "59"]
[EventDate "2012.??.??"]

1. Nf3 Nc6 2. c4 e5 3. Nc3 Nf6 4. d4 Bb4 5. d5 Na5 6. e3 Bxc3+ 7. bxc3 c6 8.
Nxe5 Qe7 9. Nf3 cxd5 10. cxd5 Qe4 11. Qd4 Qxd4 12. cxd4 Nxd5 13. Bd2 Nc6 14.
Bc4 Ncb4 15. Ke2 b6 16. Rab1 a5 17. a3 Ba6 18. Rbc1 Rc8 19. Bxa6 Rxc1 20. Rxc1
Nc6 21. Bb5 Nde7 22. e4 O-O 23. d5 Na7 24. Bxd7 Rd8 25. Bh3 g6 26. Rc7 Nec8 27.
Ng5 f6 28. Nxh7 Kh8 29. Nxf6 g5 30. Rh7# 1-0

[Event "14e Open International de la Reunion"]
[Site "St Denis"]
[Date "2012.10.08"]
[Round "4.33"]
[White "Ah Soune, Alexandra"]
[Black "Karcher, Roger"]
[Result "0-1"]
[WhiteElo "1090"]
[BlackElo "1570"]
[PlyCount "110"]
[EventDate "2012.??.??"]

1. e4 c6 2. Nf3 d5 3. e5 Bf5 4. d3 e6 5. b3 a6 6. Nc3 h6 7. Be3 Bg4 8. Be2 Bxf3
9. Bxf3 d4 10. Bd2 dxc3 11. Bxc3 Ne7 12. Bb2 Nd5 13. a4 Bb4+ 14. Kf1 Bc3 15.
Qc1 Bxb2 16. Qxb2 O-O 17. c4 Nb4 18. Qc3 Qxd3+ 19. Qxd3 Nxd3 20. Be4 Nxe5 21.
Ke2 Nbd7 22. Bc2 Rad8 23. Rhd1 Nf6 24. Kf1 a5 25. Kg1 b6 26. Re1 Ned7 27. f4 c5
28. Red1 Nb8 29. h3 Nc6 30. Rf1 Nd4 31. Bd1 Rd7 32. Kh2 Rfd8 33. g4 Ne4 34. Ra2
Nc3 35. Ra1 Nxd1 36. Raxd1 Nf3+ 37. Kg3 Rxd1 38. Rxf3 R8d3 39. Rxd3 Rxd3+ 40.
Kh4 Rxb3 41. g5 Kh7 42. Kg4 hxg5 43. fxg5 f5+ 44. Kf4 Rd3 45. Ke5 g6 46. Kxe6
Rd4 47. Kf6 f4 48. h4 f3 49. h5 f2 50. hxg6+ Kg8 51. g7 f1=R+ 52. Kg6 Rd6+ 53.
Kh5 Kxg7 54. g6 Rxg6 55. Kh4 Rh1# 0-1

[Event "14e Open International de la Reunion"]
[Site "St Denis"]
[Date "2012.10.08"]
[Round "4.34"]
[White "Dennemont, Bruno"]
[Black "Atlan, Yoram"]
[Result "1-0"]
[WhiteElo "1299"]
[BlackElo "1009"]
[PlyCount "117"]
[EventDate "2012.??.??"]

1. e4 e5 2. Nf3 Nc6 3. Bc4 Nf6 4. d4 exd4 5. Nxd4 Nxd4 6. Qxd4 c5 7. Qd3 b6 8.
e5 Qe7 9. Bf4 d6 10. O-O dxe5 11. Bg5 e4 12. Qd1 Be6 13. Bb5+ Bd7 14. Bxd7+
Qxd7 15. Nc3 Qd6 16. Qxd6 Bxd6 17. Bxf6 gxf6 18. Nxe4 O-O-O 19. Nxf6 h5 20.
Rad1 Rh6 21. Ne4 f5 22. Ng5 Rg6 23. Nf7 a5 24. Nxd8 Kxd8 25. Rfe1 Kc7 26. Rd5
Rg5 27. h4 Rg4 28. g3 f4 29. Re4 Kc6 30. Rxh5 b5 31. Kf1 b4 32. gxf4 Bxf4 33.
c3 bxc3 34. bxc3 Kb5 35. f3 Rg3 36. Rxf4 Rg6 37. Rg5 Rh6 38. Re4 a4 39. a3 Ka5
40. Rxc5+ Kb6 41. Rce5 Kc7 42. c4 Kd6 43. Re6+ Rxe6 44. Rxe6+ Kxe6 45. Kg2 Ke5
46. h5 Kd4 47. h6 Kxc4 48. h7 Kb3 49. h8=Q Kxa3 50. Kf2 Kb3 51. Qb8+ Kc3 52.
Qa7 Kb3 53. Qb6+ Kc4 54. Qa5 Kb3 55. Qb5+ Ka3 56. Ke2 Ka2 57. Kd1 a3 58. Kc1
Ka1 59. Qb1# 1-0

[Event "14e Open International de la Reunion"]
[Site "St Denis"]
[Date "2012.10.08"]
[Round "4.35"]
[White "Rivolo, Jean-Guillaume"]
[Black "Cazal, Vincent"]
[Result "1-0"]
[WhiteElo "1486"]
[BlackElo "1490"]
[PlyCount "111"]
[EventDate "2012.??.??"]

1. d4 Nc6 2. Nf3 d6 3. e3 Bg4 4. Be2 Nf6 5. Nc3 Qd7 6. b3 O-O-O 7. Bb2 a6 8. a4
e5 9. d5 Nb4 10. Ba3 e4 11. Bxb4 exf3 12. Bxf3 Bxf3 13. Qxf3 Qg4 14. Qxg4+ Nxg4
15. O-O g6 16. Ne2 Bg7 17. Bc3 Nf6 18. Bb2 Rhg8 19. c4 Rde8 20. Rac1 Nxd5 21.
Bxg7 Nxe3 22. fxe3 Rxe3 23. Rxf7 Rxe2 24. Rb1 h5 25. Rc1 Re3 26. Rc3 Ree8 27.
c5 d5 28. c6 b6 29. Rd3 Rd8 30. Rdf3 d4 31. Be5 Rge8 32. Rxc7+ Kb8 33. Re7+ Kc8
34. Rxe8 Rxe8 35. Bxd4 Re1+ 36. Kf2 Rc1 37. Rc3 Rxc3 38. Bxc3 Kc7 39. Kf3 Kxc6
40. Bb4 Kd5 41. Kf4 Ke6 42. Kg5 Kf7 43. Bc3 b5 44. a5 h4 45. Kxh4 Kg8 46. Kg4
Kf7 47. h4 Kg8 48. Kg5 Kf7 49. h5 gxh5 50. Kxh5 Kg8 51. g4 Kf7 52. g5 Kg8 53.
g6 Kf8 54. Kh6 Kg8 55. g7 Kf7 56. Kh7 1-0

[Event "14e Open International de la Reunion"]
[Site "St Denis"]
[Date "2012.10.08"]
[Round "4.36"]
[White "Sandjivy, Jean Marc"]
[Black "Caro, Vincent"]
[Result "1-0"]
[WhiteElo "1392"]
[BlackElo "1280"]
[PlyCount "73"]
[EventDate "2012.??.??"]

1. c4 e5 2. Nc3 Nf6 3. d3 Bb4 4. Bd2 d6 5. g3 Bd7 6. Bg2 Bc6 7. Nf3 h6 8. O-O
Qd7 9. e4 Bxc3 10. Bxc3 b5 11. b3 a5 12. a4 b4 13. Bb2 Qc8 14. Re1 O-O 15. Nd2
Bd7 16. d4 Nc6 17. d5 Ne7 18. Rc1 Bh3 19. c5 Bxg2 20. Kxg2 Qd7 21. cxd6 cxd6
22. Rc2 Rfc8 23. Nc4 Ra6 24. Qe2 Rc5 25. Rec1 Qc8 26. Nxd6 Rxc2 27. Rxc2 Qd7
28. Qxa6 Qg4 29. Qxa5 Nxe4 30. Qxb4 Nxd5 31. Rc8+ Kh7 32. Qxe4+ f5 33. Qxf5+
Qxf5 34. Nxf5 Kg6 35. Ne3 Nxe3+ 36. fxe3 Kf5 37. Re8 1-0

[Event "14e Open International de la Reunion"]
[Site "St Denis"]
[Date "2012.10.08"]
[Round "4.37"]
[White "Romain, Juliane"]
[Black "Le Maguet, Loan"]
[Result "1-0"]
[WhiteElo "1367"]
[BlackElo "1270"]
[PlyCount "81"]
[EventDate "2012.??.??"]

1. e4 e5 2. Nf3 Nc6 3. d4 exd4 4. Nxd4 Bc5 5. Nxc6 bxc6 6. Nc3 d6 7. Bc4 Nf6 8.
Bg5 h6 9. Bh4 Rb8 10. b3 Bb4 11. Qd3 O-O 12. O-O Qe7 13. a3 Bc5 14. Qf3 Bd4 15.
Rad1 Bg4 16. Qxg4 Nxg4 17. Bxe7 Rfe8 18. Rxd4 Rxe7 19. f4 Ne3 20. Rc1 c5 21.
Rd2 Nxc4 22. bxc4 a6 23. Rdd1 Ree8 24. Rb1 Rec8 25. Nd5 c6 26. Ne7+ Kf8 27.
Nxc8 Rxc8 28. Rxd6 Ke7 29. e5 f6 30. Rb7+ Ke8 31. exf6 gxf6 32. Rxf6 Rd8 33.
Rxh6 Rd1+ 34. Kf2 Rd2+ 35. Kg3 Rd7 36. Rh8+ Ke7 37. Rh7+ Ke6 38. Rbxd7 Kf5 39.
Rd6 a5 40. Rh5+ Ke4 41. Re5# 1-0

[Event "14e Open International de la Reunion"]
[Site "St Denis"]
[Date "2012.10.08"]
[Round "4.38"]
[White "Sandjivy, Mateo"]
[Black "Cazal, Julian"]
[Result "0-1"]
[WhiteElo "1360"]
[BlackElo "1130"]
[PlyCount "116"]
[EventDate "2012.??.??"]

1. e4 e5 2. Bc4 Nf6 3. Nc3 Bc5 4. d3 Bd4 5. Nge2 Bxf2+ 6. Kxf2 Ng4+ 7. Kg1 c6
8. Qf1 Qb6+ 9. d4 O-O 10. Qd1 c5 11. d5 Qf6 12. Qf1 Qd6 13. h3 Nf6 14. a4 b6
15. Bg5 Nh5 16. g4 Qg6 17. Bh4 Nf4 18. Nxf4 exf4 19. Qxf4 Ba6 20. Bxa6 Nxa6 21.
Qg5 Qd6 22. Nb5 Qb8 23. Qe7 Qe8 24. Nc7 Nxc7 25. Qxe8 Rfxe8 26. d6 Na6 27. Re1
Nb4 28. c3 Nc2 29. Re2 Na1 30. Kg2 Nb3 31. e5 Rad8 32. Bxd8 Rxd8 33. h4 c4 34.
Kf3 Nc5 35. h5 Ne6 36. Rg1 Ng5+ 37. Kf4 Nh3+ 38. Kg3 Nxg1 39. Kg2 Nxe2 40. Kf2
Nc1 41. Ke3 Nb3 42. Kf4 h6 43. g5 g6 44. hxg6 h5 45. Kf5 Kg7 46. gxf7 Kxf7 47.
g6+ Kg7 48. Kg5 Rh8 49. e6 Nc5 50. e7 Ne4+ 51. Kf5 Nxd6+ 52. Ke5 Ne8 53. Kf5 h4
54. Kg5 h3 55. Kf5 h2 56. Ke5 h1=Q 57. Kd4 Qh4+ 58. Kd5 Rh5# 0-1

[Event "14e Open International de la Reunion"]
[Site "St Denis"]
[Date "2012.10.11"]
[Round "6.1"]
[White "Hecht, Hans-Joachim"]
[Black "Akshat, Khamparia"]
[Result "0-1"]
[WhiteElo "2347"]
[BlackElo "2382"]
[PlyCount "67"]
[EventDate "2012.??.??"]

1. d4 Nf6 2. c4 g6 3. Nc3 Bg7 4. e4 d6 5. Nf3 O-O 6. Be2 Bg4 7. Be3 Nfd7 8. Rc1
c5 9. d5 Na6 10. h4 Nc7 11. Qd2 e6 12. Bg5 f6 13. Bf4 e5 14. Be3 f5 15. Ng5
Bxe2 16. Qxe2 Qe7 17. Rd1 Nf6 18. Qd3 h6 19. exf5 gxf5 20. Qxf5 hxg5 21. hxg5
Nh5 22. Qg6 Nf4 23. Qh7+ Kf7 24. Bxf4 exf4+ 25. Ne4 Ke8 26. Qg6+ Kd7 27. Rh7
Rf7 28. Kf1 Raf8 29. Nxc5+ dxc5 30. d6 Qe5 31. dxc7+ Kxc7 32. Re1 Qd4 33. Kg1
Rd7 34. Qe6 0-1

[Event "14e Open International de la Reunion"]
[Site "St Denis"]
[Date "2012.10.11"]
[Round "6.2"]
[White "Reinhart, Emmanuel"]
[Black "Rakotomaharo, Fy Antenaina"]
[Result "1/2-1/2"]
[WhiteElo "2312"]
[BlackElo "1995"]
[PlyCount "137"]
[EventDate "2012.??.??"]

1. d4 d5 2. Nf3 Nf6 3. Bf4 c5 4. c3 Qb6 5. Qb3 Nc6 6. dxc5 Qxc5 7. Na3 a6 8. e3
b5 9. Nc2 Na5 10. Qb4 Qb6 11. Qd4 Qb7 12. Be2 Bf5 13. Qd1 e6 14. Ncd4 Be4 15.
O-O Be7 16. Ne5 Nc4 17. Nxc4 dxc4 18. f3 Bg6 19. e4 Bc5 20. Kh1 Rd8 21. a4 Nh5
22. Qc1 Nxf4 23. Qxf4 O-O 24. axb5 axb5 25. Rfd1 Qb6 26. Nc2 Rxd1+ 27. Rxd1 Rd8
28. Rxd8+ Qxd8 29. Nd4 Qa8 30. Qc1 Qa6 31. g3 h6 32. Kg2 f6 33. Nc2 Qd6 34. Qd1
Qxd1 35. Bxd1 Be8 36. Kf1 Kf7 37. Ke2 Bc6 38. Ne3 Ke7 39. Bc2 Bb7 40. b3 cxb3
41. Bxb3 b4 42. cxb4 Bxb4 43. Bc4 g6 44. Ng2 g5 45. Ne3 Bd6 46. Nc2 f5 47. Bd3
Kf6 48. Ne3 Bc8 49. Bc2 h5 50. Bd3 f4 51. Nf1 e5 52. gxf4 exf4 53. Nd2 g4 54.
Kf2 g3+ 55. Kg1 Kg5 56. Bf1 Be6 57. Nc4 Bc7 58. Kh1 Bd7 59. Kg1 Bb8 60. Kg2 Kh4
61. Kh1 Bh3 62. Bg2 Be6 63. Nb6 Bc7 64. Nd5 Bxd5 65. exd5 Kg5 66. hxg3 fxg3 67.
Bh3 Kf4 68. Kg2 h4 69. Bc8 1/2-1/2

[Event "14e Open International de la Reunion"]
[Site "St Denis"]
[Date "2012.10.11"]
[Round "6.3"]
[White "Meier, Kurt"]
[Black "Ranaivoharisoa, Alain"]
[Result "0-1"]
[WhiteElo "1960"]
[BlackElo "2175"]
[PlyCount "72"]
[EventDate "2012.??.??"]

1. Nf3 c5 2. c4 Nf6 3. Nc3 e6 4. e4 d6 5. d4 cxd4 6. Nxd4 a6 7. Be2 Be7 8. Be3
Nc6 9. O-O O-O 10. Qd2 Bd7 11. Rad1 Rc8 12. f4 Qc7 13. Nb3 Rfd8 14. g4 Be8 15.
Rc1 Nd7 16. Nd5 exd5 17. cxd5 Nc5 18. dxc6 Nxb3 19. axb3 Bxc6 20. Bc4 Bf8 21.
Bd5 Qe7 22. g5 Bxd5 23. Qxd5 Rxc1 24. Rxc1 Re8 25. Rc4 b5 26. Rd4 Qc7 27. Rd3
Qc2 28. f5 g6 29. fxg6 hxg6 30. Bf4 Qe2 31. Bxd6 Rxe4 32. Bg3 Bc5+ 33. Qxc5
Qxd3 34. Qc8+ Kg7 35. Qc5 Qe3+ 36. Qxe3 Rxe3 0-1

[Event "14e Open International de la Reunion"]
[Site "St Denis"]
[Date "2012.10.11"]
[Round "6.4"]
[White "Seyfried, Claus"]
[Black "Boos, Olivier"]
[Result "1-0"]
[WhiteElo "2160"]
[BlackElo "2014"]
[PlyCount "51"]
[EventDate "2012.??.??"]

1. e4 e5 2. Nf3 Nc6 3. d4 exd4 4. Nxd4 Nf6 5. Nxc6 bxc6 6. e5 Nd5 7. Bc4 Nb6 8.
Bd3 d5 9. exd6 cxd6 10. O-O Be6 11. Re1 Be7 12. Qh5 Qd7 13. Nc3 h6 14. Bd2 g5
15. Rxe6 Qxe6 16. Re1 Qf6 17. Ne4 Qg6 18. Qf3 g4 19. Nf6+ Kf8 20. Nxg4 Qh5 21.
Rxe7 Kxe7 22. Qf6+ Kd7 23. Bf5+ Kc7 24. Qe7+ Kb8 25. Qxd6+ Kb7 26. Qe7+ 1-0

[Event "14e Open International de la Reunion"]
[Site "St Denis"]
[Date "2012.10.11"]
[Round "6.5"]
[White "Calmels, Nicolas"]
[Black "Roblet, Charles"]
[Result "1/2-1/2"]
[WhiteElo "1830"]
[BlackElo "2058"]
[PlyCount "51"]
[EventDate "2012.??.??"]

1. d4 Nf6 2. c4 c5 3. d5 b5 4. cxb5 a6 5. bxa6 g6 6. Nc3 Bxa6 7. Nf3 d6 8. e4
Bxf1 9. Kxf1 Bg7 10. g3 O-O 11. Kg2 Nbd7 12. Re1 Ng4 13. Bf4 Qb6 14. Re2 Rfb8
15. Rc1 Rb7 16. b3 Nde5 17. Ne1 Nd7 18. Na4 Qa6 19. Nf3 Nge5 20. Bxe5 Nxe5 21.
Nxe5 Bxe5 22. Qd2 Rb4 23. Nc3 Rd4 24. Qc2 Rb8 25. Nd1 Rd3 26. Qc4 1/2-1/2

[Event "14e Open International de la Reunion"]
[Site "St Denis"]
[Date "2012.10.11"]
[Round "6.6"]
[White "Hamon, Christian"]
[Black "Linder, Oliver"]
[Result "1/2-1/2"]
[WhiteElo "2053"]
[BlackElo "1980"]
[PlyCount "33"]
[EventDate "2012.??.??"]

1. d4 e6 2. Nf3 Nf6 3. c4 Bb4+ 4. Bd2 Qe7 5. g3 Nc6 6. Bg2 Bxd2+ 7. Nbxd2 d6 8.
O-O O-O 9. e4 e5 10. d5 Nb8 11. Ne1 a5 12. Nd3 Na6 13. Re1 Bg4 14. Qc2 b6 15.
f3 Bd7 16. a3 a4 17. Rac1 1/2-1/2

[Event "14e Open International de la Reunion"]
[Site "St Denis"]
[Date "2012.10.11"]
[Round "6.7"]
[White "Koch, Alain"]
[Black "Letreguilly, Olivier"]
[Result "0-1"]
[WhiteElo "1951"]
[BlackElo "2343"]
[PlyCount "120"]
[EventDate "2012.??.??"]

1. e4 c5 2. d4 cxd4 3. Nf3 Nc6 4. Nxd4 e6 5. Be3 Nf6 6. Bd3 d5 7. O-O dxe4 8.
Nxc6 bxc6 9. Be2 Bd6 10. c4 Qc7 11. h3 Rb8 12. Qc2 Bf4 13. Bc5 Qe5 14. Ba3 e3
15. Nc3 exf2+ 16. Kh1 Be3 17. Bf3 c5 18. Nd1 Bd4 19. Nxf2 O-O 20. Rae1 Qg3 21.
Nd3 Qd6 22. Rd1 Qc7 23. b3 e5 24. Nf2 g6 25. Ne4 Nxe4 26. Bxe4 f5 27. Bd5+ Kg7
28. Bc1 Bb7 29. Bxb7 Qxb7 30. Bb2 Rfe8 31. Qd2 Rbd8 32. Bc1 f4 33. Qe2 g5 34.
Qg4 h6 35. h4 Qd7 36. Qh5 Qf5 37. Rde1 Qg6 38. Qg4 h5 39. Qxg5 Qxg5 40. hxg5 h4
41. Kh2 Kg6 42. Kh3 Kxg5 43. Re2 Kf5 44. Rf3 Rg8 45. Kh2 Rg3 46. Bd2 Rdg8 47.
Be1 e4 48. Rf1 e3 49. Bxg3 hxg3+ 50. Kg1 Ke4 51. Rd1 a5 52. a3 Rb8 53. b4 axb4
54. axb4 Rxb4 55. Rc1 f3 56. gxf3+ Kxf3 57. Kf1 Rb8 58. Ke1 Rh8 59. Kd1 Rh1+
60. Re1 Rxe1+ 0-1

[Event "14e Open International de la Reunion"]
[Site "St Denis"]
[Date "2012.10.11"]
[Round "6.8"]
[White "Haanshuus, Aslak"]
[Black "Rodier, David"]
[Result "0-1"]
[WhiteElo "2059"]
[BlackElo "2133"]
[PlyCount "52"]
[EventDate "2012.??.??"]

1. d4 d5 2. Nf3 Nf6 3. e3 c5 4. c4 e6 5. Nc3 a6 6. b3 Nc6 7. Bb2 cxd4 8. Nxd4
e5 9. Nxc6 bxc6 10. cxd5 cxd5 11. Bd3 Bd6 12. Be2 O-O 13. O-O Bb7 14. Bf3 e4
15. Bg4 Nxg4 16. Qxg4 f5 17. Qd1 Be5 18. Rb1 f4 19. Ne2 Bxb2 20. Rxb2 f3 21.
Nf4 fxg2 22. Kxg2 Rxf4 23. exf4 d4 24. Kg3 Rc8 25. Rc2 Qd7 26. Rxc8+ Bxc8 0-1

[Event "14e Open International de la Reunion"]
[Site "St Denis"]
[Date "2012.10.11"]
[Round "6.9"]
[White "Rabe Andrianandrasan, Haingo"]
[Black "Chan-Kai-Hou, Fabrice"]
[Result "0-1"]
[WhiteElo "1978"]
[BlackElo "1954"]
[PlyCount "114"]
[EventDate "2012.??.??"]

1. d4 d5 2. Nf3 c6 3. Bf4 Nf6 4. e3 Bg4 5. Be2 e6 6. O-O Bd6 7. Bg5 Nbd7 8.
Nbd2 O-O 9. c4 Re8 10. cxd5 exd5 11. Qb3 Qb6 12. Qc2 Bh5 13. Bd3 Bg6 14. Bxg6
hxg6 15. Rae1 Qc7 16. Bh4 Ne4 17. Bg3 Bxg3 18. fxg3 Re7 19. Nxe4 Rxe4 20. Ng5
Re7 21. Rf3 f6 22. Nh3 g5 23. Nf2 Rae8 24. Ng4 Re4 25. Nf2 Rxd4 26. Rf1 Rc4 27.
Qg6 Rf8 28. Nd3 Ne5 29. Nxe5 Qxe5 30. b3 Re4 31. Rf5 Qe8 32. Rxf6 Rxf6 33. Rxf6
Qxg6 34. Rxg6 Rxe3 35. Kf1 Kf7 36. Rd6 Re6 37. Rd7+ Re7 38. Rd6 Ke8 39. Kf2 Rd7
40. Re6+ Kf7 41. Re2 a5 42. Rc2 d4 43. Rc5 Re7 44. Rc2 Re5 45. g4 c5 46. a4 b6
47. Rd2 Re3 48. Rb2 Ke6 49. Re2 Rxe2+ 50. Kxe2 Ke5 51. Kf3 Kd5 52. g3 c4 53.
bxc4+ Kxc4 54. Ke2 b5 55. axb5 Kxb5 56. Kd3 Kc5 57. h4 a4 0-1

[Event "14e Open International de la Reunion"]
[Site "St Denis"]
[Date "2012.10.11"]
[Round "6.10"]
[White "Jotee, Ashvin"]
[Black "Ramasindraibe, Girard"]
[Result "0-1"]
[WhiteElo "1799"]
[BlackElo "1982"]
[PlyCount "50"]
[EventDate "2012.??.??"]

1. c4 e5 2. Nc3 Nf6 3. Nf3 Nc6 4. d4 exd4 5. Nxd4 Bc5 6. e3 O-O 7. Be2 Ne5 8.
O-O d6 9. a3 Re8 10. b4 Bb6 11. Bb2 Bg4 12. Bxg4 Nfxg4 13. Qe2 Nxh2 14. Rfd1
Nhg4 15. Nf3 Nxf3+ 16. Qxf3 Qh4 17. Nd5 Ne5 18. Bxe5 Rxe5 19. Nf4 Rae8 20. Rd3
Rf5 21. Qh3 Rxf4 22. exf4 Qxf2+ 23. Kh1 Re1+ 24. Rxe1 Qxe1+ 25. Kh2 Bg1+ 0-1